Conservation and society (Record no. 54627)
[ view plain ]
| 000 -LEADER | |
|---|---|
| fixed length control field | 00367nam a22001217a 4500 |
| 008 - FIXED-LENGTH DATA ELEMENTS--GENERAL INFORMATION | |
| fixed length control field | 230724b |||||||| |||| 00| 0 eng d |
| 022 ## - INTERNATIONAL STANDARD SERIAL NUMBER | |
| International Standard Serial Number | 0972-4923 |
| 040 ## - CATALOGING SOURCE | |
| Original cataloging agency | National Science Library |
| Transcribing agency | National Science Library |
| 245 ## - TITLE STATEMENT | |
| Title | Conservation and society |
| 260 ## - PUBLICATION, DISTRIBUTION, ETC. | |
| Place of publication, distribution, etc. | Mumbai: |
| Name of publisher, distributor, etc. | Medknow Publications and Media Pvt. Ltd., |
| Date of publication, distribution, etc. | 2003 |
| 310 ## - CURRENT PUBLICATION FREQUENCY | |
| Current publication frequency | Quarterly |
| 942 ## - ADDED ENTRY ELEMENTS (KOHA) | |
| Koha item type | Continuing Resources |
| Source of classification or shelving scheme | Universal Decimal Classification |
| Withdrawn status | Lost status | Materials specified (bound volume or other part) | Damaged status | Not for loan | Home library | Current library | Shelving location | Date acquired | Total Checkouts | Barcode | Date last seen | Price effective from | Koha item type |
|---|---|---|---|---|---|---|---|---|---|---|---|---|---|
| Vol. 3 (1-2), 2005 | National Science Library | National Science Library | FF/Rk-6/C-13/R-1 | 02/02/2015 | 249786 | 24/07/2023 | 02/02/2015 | Continuing Resources | |||||
| Vol. 4 (1-4), 2006 | National Science Library | National Science Library | FF/Rk-6/C-13/R-1 | 02/02/2015 | 249787 | 24/07/2023 | 02/02/2015 | Continuing Resources | |||||
| Vol. 5 (1-4), 2007 | National Science Library | National Science Library | FF/Rk-6/C-13/R-1 | 02/02/2015 | 249788 | 24/07/2023 | 02/02/2015 | Continuing Resources | |||||
| Vol. 7-8 (1-4), 2009-10 | National Science Library | National Science Library | FF/Rk-6/C-13/R-1 | 02/02/2015 | 249789 | 24/07/2023 | 02/02/2015 | Continuing Resources | |||||
| Vol. 10 (1-4), 2012 | National Science Library | National Science Library | FF/Rk-6/C-13/R-1 | 02/02/2015 | 249790 | 24/07/2023 | 02/02/2015 | Continuing Resources | |||||
| Vol. 11 (1-4), 2013 | National Science Library | National Science Library | FF/Rk-55/C-9/R-1 | 02/02/2015 | 249791 | 21/08/2023 | 02/02/2015 | Continuing Resources |